000 00439nam a2200181Ia 4500
001 19788
005 20260306172718.0
008 260306t1999||||xx |||||||||||||| ||spa||
041 _aESP
082 _a341.1
_bH41 1999
100 _aHervada, Javier
_eAUT
245 0 _aIntroducción crítica al derecho natural
260 _c1999
300 _a221 páginas :
_c21 cm.
650 _aGEN
654 _aCDE
942 _cLIB
_dJUS
_fJUS
_2ddc
_n
999 _c19788
_d19788